00282nam a2200121Ia 4500008004100000020001800041041000800059082001600067100001900083245002000102260002900122300000900151240624s2021 xx und d a9788175246515 aeng a796.04bSHA aDR.SHARMA, M C aDRUGS IN SPORTS aNew DelhibKSK PUBc2021 a297P